02732cam a22003135a 4500999001700000001000900017005001700026008004100043010001700084020003000101040004100131082002000172100002200192245006800214250001300282260006700295300002400362504006700386505032300453520130700776650004602083650003602129651001002165653002202175655001702197700004502214942000802259952015102267 c27281d272522052742720190324101356.0180423s2019 enk frb 001 0 eng d a 2018015367 a9781138632684 (hardcover) aLBSOR/DLCbengcLBSORdDLCdEG-ScBUE04a302.23bLEC2221 aLecheler, Sophie.10aNews framing effects /cSophie Lecheler and Claes H. de Vreese. a1st. ed. aOxon ;aNew York :bRoutledge / Taylor & Francis Group,c2019. ax, 127 p. ;c21 cm. aIncludes bibliographical references (pages 102-122) and index.0 aNews framing effects theory: an integrative view -- News framing effects: from where? -- News framing effects: on what? -- Moderators of news framing effects: on whom? -- Mediators of news framing effects: how and why? -- The duration of news framing effects: how long? -- The future of news framing effects: and now?. a"News Framing Effects is a guide to framing effects theory, one of the most prominent theories in media and communication science. Rooted in both psychology and sociology, framing effects theory describes the ability of news media to influence peoples' attitudes and behaviours by subtle changes to how they report on an issue. The book gives expert commentary on this complex theoretical notion alongside practical instruction on how to apply it to research. The book's structure mirrors the steps a scholar might take to design a framing study. The first chapter establishes a working definition of news framing effects theory. The following chapters focuses on how to identify the independent variable (i.e., the "news frame") and the dependent variable (i.e., the "framing effect"). The book then considers the potential limits or enhancements of the proposed effects (i.e., the "moderators") and how framing effects might emerge (i.e., the "mediators"). Finally, it asks how strong these effects are likely to be. The final chapter considers news framing research in the light of a rapidly and fundamentally changing news and information market, in which technologies, platforms, and changing consumption patterns are forcing assumptions at the core of framing effects theory to be re-evaluated"-- 7aJournalismxSocial aspects.2BUEsh939380 7aJournalismxObjectivity.2BUEsh 2BUEsh bCOMAMEcMarch2019 vReading book1 aVreese, C. H. deq(Claes Holger),d1974- 2ddc 00102ddc40708BaccahaMAINbMAINc1STd2019-03-24ePurchaseg1450.00l1m1o302.23 LECp000044459r2025-07-15 00:00:00s2020-09-16v1812.50yBB